[Event "Senior DM 2015"]
[Site "Randers"]
[Date "2015.02.09"]
[Round "3.10"]
[White "Mostrup, Jørn"]
[Black "Larsen, Henning"]
[Result "1/2-1/2"]
[LiveChessVersion "1.4.4"]
[BlackElo "1856"]
[WhiteElo "2060"]

1. Nf3 {[%clk 1:30:21]} Nf6 {[%clk 1:30:37]} 2. c4 {[%clk 1:30:47]} e6
{[%clk 1:30:19]} 3. d4 {[%clk 1:31:11]} d5 {[%clk 1:30:35]} 4. e3
{[%clk 1:31:24]} Be7 {[%clk 1:30:28]} 5. Nc3 {[%clk 1:31:48]} O-O
{[%clk 1:30:27]} 6. b3 {[%clk 1:32:07]} b6 {[%clk 1:30:16]} 7. Bd3
{[%clk 1:32:30]} dxc4 {[%clk 1:30:26]} 8. bxc4 {[%clk 1:32:39]} Bb7
{[%clk 1:30:43]} 9. O-O {[%clk 1:31:34]} Nbd7 {[%clk 1:30:08]} 10. Qe2
{[%clk 1:28:37]} c5 {[%clk 1:27:39]} 11. Ba3 {[%clk 1:26:54]} cxd4
{[%clk 1:25:39]} 12. Bxe7 {[%clk 1:24:25]} Qxe7 {[%clk 1:25:59]} 13. exd4
{[%clk 1:24:51]} Rfe8 {[%clk 1:24:25]} 14. Rfe1 {[%clk 1:17:33]} Qd8
{[%clk 1:20:52]} 15. Rad1 {[%clk 1:09:40]} Nf8 {[%clk 1:17:10]} 16. Ne5
{[%clk 1:05:13]} Ng6 {[%clk 1:16:25]} 17. g3 {[%clk 1:04:40]} Rc8
{[%clk 0:58:58]} 18. Nb5 {[%clk 0:59:55]} a6 {[%clk 0:57:20]} 19. Na7
{[%clk 0:59:54]} Rc7 {[%clk 0:54:59]} 20. c5 {[%clk 1:00:04]} bxc5
{[%clk 0:39:28]} 21. dxc5 {[%clk 0:58:29]} Qa8 {[%clk 0:19:39]} 22. c6
{[%clk 0:58:31]} Qxa7 {[%clk 0:19:32]} 23. cxb7 {[%clk 0:58:57]} Nxe5
{[%clk 0:18:44]} 24. Qxe5 {[%clk 0:58:59]} Rxb7 {[%clk 0:18:40]} 25. Rd2
{[%clk 0:47:04]} Reb8 {[%clk 0:17:26]} 26. Qa5 {[%clk 0:44:24]} Rb6
{[%clk 0:12:35]} 27. Red1 {[%clk 0:44:19]} g6 {[%clk 0:12:14]} 28. Bf1
{[%clk 0:40:25]} Nd5 {[%clk 0:07:16]} 29. Bg2 {[%clk 0:38:22]} Rb5
{[%clk 0:03:02]} 30. Qa3 {[%clk 0:38:12]} Rb1 {[%clk 0:02:09]} 31. Bxd5
{[%clk 0:37:47]} Rxd1+ {[%clk 0:02:02]} 32. Rxd1 {[%clk 0:38:14]} exd5
{[%clk 0:02:21]} 33. Rxd5 {[%clk 0:35:25]} Rb1+ {[%clk 0:01:41]} 34. Kg2
{[%clk 0:35:53]} Qa8 {[%clk 0:00:42]} 35. Qf3 {[%clk 0:36:19]} Rb8
{[%clk 0:00:51]} 36. Ra5 {[%clk 0:29:55]} Qxf3+ {[%clk 0:00:55]} 37. Kxf3
{[%clk 0:30:24]} Rb6 {[%clk 0:00:55]} 38. h4 {[%clk 0:29:59]} Re6
{[%clk 0:01:12]} 39. g4 {[%clk 0:23:55]} h6 {[%clk 0:01:05]} 40. Kf4
{[%clk 0:50:13]} Kg7 {[%clk 0:31:07]} 41. f3 {[%clk 0:50:18]} Kf6
{[%clk 0:28:26]} 42. g5+ {[%clk 0:48:01]} hxg5+ {[%clk 0:28:35]} 43. hxg5+
{[%clk 0:48:28]} Ke7 {[%clk 0:28:11]} 44. Re5 {[%clk 0:41:39]} Kd6
{[%clk 0:27:05]} 45. Rxe6+ {[%clk 0:41:30]} fxe6 {[%clk 0:25:06]} 46. Ke4
{[%clk 0:41:37]} e5 {[%clk 0:25:28]} 47. Ke3 {[%clk 0:36:48]} 1/2-1/2